LEADER 01376nam a2200289 u 4500 001 000000009428 003 CaOOAMICUS 005 20070226105214.0 008 940517s1958 fr j u000 u fre u 035 $a10236721 040 $aCUL$bita$cCUL$dAAR$dEFR 100 1 $aGrumel, Venance,$cA.A.,$d1890-1967.$0(OLS)http://pul/name/9325 245 13$aLa chronologie /$cpar V. Grumel. 260 $aParis :$bPresses Universitaires de France,$c1958. 300 $axii, 487 p. :$bgeneal. tables ;$c28 cm 490 1 $aBibliothèque byzantine.$aTraité d'études byzantines ;$v1 500 $a"Ouvrage publié avec le concours du Centre National de la Recherche Scientifique". 504 $aBibliography: p. [xi]-xii. 651 0$aByzantine Empire$xHistory$xChronology.$2//eng$0(OLS)http://pul/subject/7824 710 2 $aCentre national de la recherche scientifique (Francia).$0(OLS)http://pul/name/720 830 0$aBibliothèque byzantine.$pTraité d'études byzantines ;$v1.$0(OLS)http://pul/title/13844 850 $aPUL 852 $aPUL$W1$xDP1 Fondo Maccarrone$y58$m1518 D 9$j13349$nBK-PRI$b $qFondi$B13349$CPULBib$Z2$F13349 $H $81 941 1 $a1 961 $aINV: 4676.F.Maccarrone 996 $6245$aLa chronologie$9(OLS)http://pul/title/13843 996 $6260$aParis :$bPresses Universitaires de France$9(OLS)http://pul/publisher/47940 LEADER 01426nam a2200301 a 4500 001 000000131576 003 CaOOAMICUS 005 20121123100546.0 008 121123s2004 it u000 u ita r 020 $a88-383-0415-7 040 $aPUL$bita 100 1 $aCalamandrei, Piero,$d1889-1956.$0(OLS)http://pul/name/28183 245 10$aCostituzione e leggi di Antigone :$bscritti e discorsi politici /$cPiero Calamandrei ; introduzione di Corrado Stajano ; con un saggio di Alessandro Galante Garrone. 260 $aFirenze :$bSansoni,$c2004$aMilano :$bR.C.S. Libri,$c©2004. 300 $aXVI, 330 p. ;$c20 cm. 504 $aInclude riferimenti bibliografici. 651 4$aItalia$xPolitica e governo$y1946-1956.$0(OLS)http://pul/subject/39159 700 1 $aStajano, Corrado.$0(OLS)http://pul/name/79052 700 1 $aGalante Garrone, Alessandro,$d1909-2003.$0(OLS)http://pul/name/40560 850 $aPUL 852 $aPUL$W1$xDP1 Fondo E. Rossi$y115$m1 C 9$j19132$qFondi$B150793$CPULBib$Z2$F150793 $82 941 1 $a1 961 $aSul dorso collocazione ms. di E. Rossi: C 2 2 996 $6020$a88-383-0415-7$9(OLS)http://pul/number/151158 996 $6245$aCostituzione e leggi di Antigone :$bscritti e discorsi politici$9(OLS)http://pul/title/166219 996 $6260$aFirenze :$bSansoni$9(OLS)http://pul/publisher/47896 996 $6260$aMilano :$bR.C.S. Libri$9(OLS)http://pul/publisher/74600